Las relaciones étnicas en Guatemala, 1944-2000 /

Saved in:
Bibliographic Details
Main Author: Adams, Richard Newbold, 1924-
Other Authors: Bastos, Santiago., Adams, Richard N. 1924-
Format: Book
Language:Spanish
Published: Antigua Guatemala : Centro de Investigaciones Regionales de Mesoamérica, 2003.
Series:Colección "Por qué estamos como estamos?".
Subjects:
Tags: Add Tag
No Tags, Be the first to tag this record!
LEADER 01712cam a2200337Ia 4500
001 009252425-7
005 20050321135350.0
008 030717s2003 gt b 000 0 spa d
020 |a 9992278951 
035 0 |a ocm52635835 
040 |a LRU  |c LRU  |d TOZ 
043 |a ncgt--- 
050 4 |a F1465.3.G6  |b R45 2003 
050 4 |a F1465.3.G6  |b A33 2003x 
100 1 |a Adams, Richard Newbold,  |d 1924- 
245 1 4 |a Las relaciones étnicas en Guatemala, 1944-2000 /  |c Richard Adams, Santiago Bastos. 
260 |a Antigua Guatemala :  |b Centro de Investigaciones Regionales de Mesoamérica,  |c 2003. 
300 |a 563 p. ;  |c 27 cm. 
490 1 |a Colección "Por qué estamos como estamos?" 
504 |a Includes bibliographical references (p. [523]-553). 
505 0 |a Introducción -- Población -- Tierra -- Trabajo -- Poder y gobierno local -- Educación -- Religión -- Desastres: el terremoto y La Violencia -- Occidente -- Oriente -- Suroccidente -- Norte -- Area metropolitana -- La comunidad indígena -- Los retos a la dicotomía -- La creación de una comunidad imaginada multicultural -- Síntesis: un abrazo incómodo. 
650 0 |a Indians of Central America  |z Guatemala  |x Government relations. 
650 0 |a Indians of Central America  |z Guatemala  |x Ethnic relations. 
651 0 |a Guatemala  |x Ethnic relations. 
650 0 |a Nationalism  |z Guatemala. 
700 1 |a Bastos, Santiago. 
700 1 |a Adams, Richard N.  |q (Richard Newbold),  |d 1924- 
776 0 8 |i Online version:  |t Relaciones étnicas en Guatemala, 1944-2000.  |d Antigua Guatemala : Centro de Investigaciones Regionales de Mesoamérica, 2003  |w (OCoLC)656774284 
830 0 |a Colección "Por qué estamos como estamos?". 
988 |a 20031209 
906 |0 OCLC